La tutela judicial frente al acoso moral en el trabajo: de las normas a las prácticas forenses
Saved in:
| Hovedforfatter: | |
|---|---|
| Format: | Bog |
| Sprog: | spansk |
| Udgivet: |
Albacete
Bomarzo
2007
|
| Udgivelse: | 1a. ed |
| Serier: | Básicos de Derecho Social, 28
|
| Fag: | |
| Tags: |
Tilføj Tag
Ingen Tags, Vær først til at tagge denne postø!
|
MARC
| LEADER | 00000nam a2200000 a 4500 | ||
|---|---|---|---|
| 001 | UCI3340 | ||
| 003 | CL-VaPUC | ||
| 008 | 071026e20070000SP |||||||||||||||||spa|d | ||
| 020 | |a 9788496721197 | ||
| 082 | 0 | 4 | |a 344.01 |b MOL |2 21 |
| 100 | |a Molina Navarrete, Cristóbal |e autor |9 524687 | ||
| 245 | 1 | 3 | |a La tutela judicial frente al acoso moral en el trabajo: de las normas a las prácticas forenses |
| 250 | |a 1a. ed | ||
| 300 | |a 100 p | ||
| 942 | |c BK | ||
| 945 | |d 20071026 00:00:00 |a rbrito | ||
| 260 | |a Albacete |b Bomarzo |c 2007 | ||
| 650 | 7 | |a DERECHO LABORAL |2 CL-VaPUC |9 15 | |
| 650 | 0 | |a Acoso laboral |9 524688 | |
| 650 | 0 | |a Código del trabajo |9 255479 | |
| 650 | 0 | |a Término del contrato de trabajo |9 381003 | |
| 650 | 7 | |a INDEMNIZACIONES |2 CL-VaPUC |9 335327 | |
| 650 | 7 | |a RESPONSABILIDAD CIVIL |2 CL-VaPUC |9 524689 | |
| 650 | 0 | |a Seguridad social |9 255322 | |
| 583 | |a last modification |c 20170801 04:30:46 |k Rodrigo Vera | ||
| 490 | 0 | |a Básicos de Derecho Social, 28 | |
| 999 | |c 327592 |d 327590 | ||
| 952 | |0 0 |1 0 |4 0 |6 344_010000000000000_MOL_2007 |7 0 |8 A |9 410609 |a BIBDER |b BIBDER |d 2019-11-22 |i 4392310 |o 344.01 MOL 2007 |p 4392310 |r 2023-01-25 |w 2019-11-22 |y BK |k DER | ||